00567pab a2200181 454500008004000000100002200040245004900062260000900111300001300120362001100133650004100144650002800185773003400213908000600247909001000253999001700263952010500280180718b2011 xxu||||| |||| 00| 0 eng d aBanerjee, Sumanta aPakistan-India conundrum: Shades of the past c2011 ap.18-20. a26 Nov aIndia - Foreign relations - Pakistan aInternational relations aEconomic and Political Weekly aN a94046 c94046d94046 00104070aIIPAbIIPAd2018-07-19hVolume no: 46, Issue no: 48pAR94506r2018-07-19w2018-07-19yAR